| 000 | 00784nam a2200265 a 4500 | ||
|---|---|---|---|
| 001 | 000039011 | ||
| 003 | DO-SdBNP | ||
| 005 | 20240301140404.0 | ||
| 008 | 100727s2012 pr 000 f spa d | ||
| 020 | _a9781932271966 | ||
| 040 |
_aDO-SdBNP _bspa _cBNPHU |
||
| 082 | 4 |
_aPR863.44 _bC115c, 2012 _222 |
|
| 100 | 1 |
_aCabiya, Pedro, _d1971- _916077 |
|
| 245 | 1 | 3 |
_aLa cabeza / _cPedro Cabiya. |
| 250 | _a5a. ed. | ||
| 260 |
_aSan Juan, Puerto Rico : _bIsla Negra, _c2012. |
||
| 300 |
_a60 p. ; _c23 cm. |
||
| 490 | 1 | _aLa montaña de papel | |
| 590 | _aInventariado, 2020/MFF | ||
| 650 | 4 |
_aNovela puertorriqueña _91185 |
|
| 650 | 4 |
_aLiteratura puertorriqueña _9250 |
|
| 830 | 3 |
_aLa montaña de papel _91186 |
|
| 910 | _aValidado. Control de calidad MMOLINA | ||
| 942 |
_2ddc _cLBS1 |
||
| 999 |
_c38501 _d38501 |
||